Diccionario histórico-enciclopédico de la República de El Salvador / (Registro nro. 68231)

Detalles MARC
000 -LEADER
campo de control de longitud fija 00639nam a2200205 4500
001 - NÚMERO DE CONTROL
campo de control 68231
003 - IDENTIFICADOR DE NÚMERO DE CONTROL
campo de control ES-MaACL
005 - FECHA Y HORA DE LA ÚLTIMA TRANSACCIÓN
campo de control 20230906170229.0
007 - CAMPO FIJO DE DESCRIPCIÓN FÍSICA--INFORMACIÓN GENERAL
campo de control de longitud fija t|
008 - DATOS DE LONGITUD FIJA--INFORMACIÓN GENERAL
campo de control de longitud fija 040611m19271929es e ||||1|dspa d
080 ## - NÚMERO DE LA CLASIFICACIÓN DECIMAL UNIVERSAL
Número de la Clasificación Decimal Universal 972.84
080 ## - NÚMERO DE LA CLASIFICACIÓN DECIMAL UNIVERSAL
Número de la Clasificación Decimal Universal 908.728.4
100 1# - ENTRADA PRINCIPAL--NOMBRE DE PERSONA
Nombre de persona García, Miguel Ángel.
9 (RLIN) 54081
245 10 - MENCIÓN DEL TÍTULO
Título Diccionario histórico-enciclopédico de la República de El Salvador /
Mención de responsabilidad, etc. Miguel Ángel García.
260 ## - PUBLICACIÓN, DISTRIBUCIÓN, ETC.
Lugar de publicación, distribución, etc. San Salvador :
Nombre del editor, distribuidor, etc. La Luz,
Fecha de publicación, distribución, etc. [1927-29] (
Fabricante La Salvadoreña)
300 ## - DESCRIPCIÓN FÍSICA
Extensión 3 v. ;
Dimensiones 26 cm.
651 #4 - PUNTO DE ACCESO ADICIONAL DE MATERIA--NOMBRE GEOGRÁFICO
Nombre geográfico El Salvador-
Subdivisión general Historia.
9 (RLIN) 8154
651 #4 - PUNTO DE ACCESO ADICIONAL DE MATERIA--NOMBRE GEOGRÁFICO
Nombre geográfico El Salvador-
Subdivisión general Descripción.
9 (RLIN) 144849
852 ## - LOCALIZACIÓN
Ubicación ES-MaACL
Número de control de estantería B-13013-15
Existencias
Estatus retirado Estado de pérdida Estado de daño No para préstamo Colección Biblioteca de origen Biblioteca actual Ubicación en estantería Fecha de adquisición Fuente de adquisición Total de préstamos Signatura topográfica completa Código de barras Visto por última vez Precio de reemplazo Tipo de ítem Koha
        Colección de referencia Biblioteca del Ateneo de Madrid Biblioteca del Ateneo de Madrid Sala Pardo Bazán 17/01/2008     B-13013-15 1071427 23/02/2023 23/02/2023 Libro impreso